| 000 | 00921 a2200301 4500 | ||
|---|---|---|---|
| 999 |
_c20418 _d7103 |
||
| 001 | 20418 | ||
| 003 | TR-AnTOB | ||
| 005 | 20200827171929.0 | ||
| 008 | 041102s2002 tu tur | ||
| 020 | _a975836216x | ||
| 040 |
_aTR-AnTOB _cTR-AnTOB |
||
| 041 | _atur | ||
| 050 |
_aQ175 _b.B319 2002 |
||
| 090 | _aQ175 .B319 2002 | ||
| 100 |
_aBarrow, John D., _d1952- _913139 |
||
| 245 | 0 |
_aOlanaksızlık : _bBilimin sınırları ve sınırların bilimi / _cJohn D. Barrow ; çev. Nermin Arık. |
|
| 264 | 1 |
_aİstanbul : _bSabancı Üniversitesi Yayınları, _c2002. |
|
| 300 |
_a390 p. : _bill. ; _c23 cm. |
||
| 500 | _aIncludes bibliographies and index. | ||
| 650 | 0 |
_aGödel's theorem _9117550 |
|
| 650 | 0 |
_aScience _xPhilosophy. _93971 |
|
| 650 | 4 |
_aBilim _xFelsefe. _927209 |
|
| 650 | 0 |
_aLimit (Logic) _9117548 |
|
| 650 | 4 |
_aLimit (Mantık) _9117549 |
|
| 700 |
_aArık, Nermin _etrl _999671 |
||
| 902 | _a0010223 | ||
| 942 |
_cBK _2lcc |
||